000
00253nam a22001097a 4500
008
131127t xxu||||| |||| 00| 0 eng d
040
_a
ASAB
_c
ASAB
245
_a
Modern Nuclear chemistry
300
_a
340
700
_q
Walter loveland
_9
300
942
_2
ddc
_c
BK
999
_c
16565
_d
16565